Online Catalogue and eLibrary

Women's work, class, and the urban household (Record no. 2619)

MARC details
000 -LEADER
fixed length control field 00418nam a2200157Ia 4500
005 - DATE AND TIME OF LATEST TRANSACTION
control field 20240425013844.0
008 - FIXED-LENGTH DATA ELEMENTS--GENERAL INFORMATION
fixed length control field 240331s9999 xx 000 0 und d
020 ## - INTERNATIONAL STANDARD BOOK NUMBER
ISBN 0422793205
082 ## - DDC Classification
Item Number - Author Mark SHA
Class No. 331.4
100 ## - MAIN ENTRY--PERSONAL NAME
Personal name Sharma, Ursula.
245 #0 - TITLE STATEMENT
Title Women's work, class, and the urban household
Statement of responsibility, etc. Ursula, Sharma
260 ## - PUBLICATION, DISTRIBUTION, ETC.
Place of publication, distribution, etc. New york
Name of publisher, distributor, etc. Tavistock Publications
Date of publication, distribution, etc. 1986
300 ## - PHYSICAL DESCRIPTION
Extent (e.g. Volumes, Pages etc.) 213 p .,
650 ## - SUBJECT ADDED ENTRY--TOPICAL TERM
Topical term or geographic name entry element Women
942 ## - Koha item type (Biblio)
Koha item type Books in Stacks (Lending)
Holdings
Lost status Damaged status Collection code Home library Current library Shelving location Date acquired Full call number Accession Number Item type
    Lending WERC Library WERC Library Social Science Cupboard 03/31/2024 331.4 SHA 5406 Books in Stacks (Lending)

© WERC Library